00340nam a22001097a 4500082001100000100002400011245007900035260003700114300001900151650003500170700002500205 a621.39 aKhan, Rukham Mumtaz aMacula Swelling Detection using Retinal Funds Images /cRukham Mumtaz Khan aIslamabad :bCEME - NUST,c2014. a81 p. ;c30cm. aComputer Engineering-MS-Thesis aDr. Shoab Ahmad Khan